00394nam a2200181Ia 4500003000900000008004100009040001300050040001300063041000800076100002000084245004000104250001000144260000900154300001000163300001200173490000600185600002100191IT-RoPAU120407s9999 xx 000 0 und d aIT-RoPAU cIT-RoPAU afra aCharles Péguy aPascal. Avant-propos par Jules Riby aParis c1947 a88 p. c23,5 cm v1 a1. Pascal Blaise